Statistiques concernant Asie du sud est - Carte Quiz

Cliquez ici pour prendre le quiz!

Statistiques générales

  • Ce quiz a été pris 451 fois
  • Le résultat moyen est 9 sur 11

Réponses sur la Carte

Les réponses sont colorées sur une échelle allant du rouge au vert en fonction du pourcentage des utilisateurs qui les ont devinées à leur premier essai. Vous pouvez retrouver ces pourcentages ci-dessous.
 

Statistiques - réponses

Réponse% Correct
Birmanie
89%
Philippines
88%
Viêt Nam
88%
Cambodge
87%
Indonésie
87%
Singapour
87%
Thaïlande
87%
Timor oriental
86%
Malaisie
84%
Laos
82%
Brunei
81%

Distribution des résultats

Percentile par nombre de réponses

% des personnes avec chaque résultat

Votre développement - résultats

Vous n’avez pas pris ce quiz